| 000 | 00949nam a22001817a 4500 | ||
|---|---|---|---|
| 999 |
_c64072 _d64072 |
||
| 003 | Ge_BSU | ||
| 005 | 20260323105952.0 | ||
| 008 | 260323s1993 ge ||||| |||| 00| 0 geo d | ||
| 041 | _ageo | ||
| 080 |
_a81'374.25=353.1 ბ-66 _b |
||
| 100 |
_aძნელაძე, დავით _9898 |
||
| 245 |
_aბიზნესის სფეროში გამოყენებული უცხო სიტყვების განმარტებითი ლექსიკონი / _cშპს "ინფორმპროგრესი"; ავტ.–შემდგ. დავით ძნელაძე; რედ. ბორის დარსაძე. |
||
| 264 |
_aთბილისი, _c1993. |
||
| 300 |
_a104 გვ. ; _b20 სმ. |
||
| 653 | _aბიზნესის ლექსიკონი | ||
| 700 |
_aდარსაძე, დავით _eრედაქტორი _927180 |
||
| 942 |
_2udc _cᲬᲘᲒᲜᲘ |
||